000 00785nam a2200205Ii 4500
003 JO-AjNU
008 230605s9999||||xx |||||||||||||| ||und||
040 _aJO-AjNU
_bara
_erda
_cJO-AjNU
041 _aara
050 1 4 _aBP183.3.I262 1986
100 3 _aالقرشي، أبي بكر عبد الله بن محمد بن عبيد ابن أبي الدنيا ؛ دراسة وتحقيق: محمد عبد القادر عطا,
_eauthor
_913240
245 0 0 _aمجابو الدعوة
250 _aط1
264 3 1 _aبيروت: دار الكتب العلمية، 1986
300 _a192ص
_bيتضمن الفهارس ص158-188
336 _atext
_btxt
_2rdacontent
337 _aunmediated
_bn
_2rdamedia
338 _avolume
_bnc
_2rdacarrier
650 4 _aالادعية والاوراد
_913241
999 _aA3244
_c6812
_d6812